000 00306nam a2200121 a 4500
008 110104s1982|||| d
100 1 _aLenin, V. I.
245 1 0 _aZobrané spisy 14
_bSeptember 1906 - február 1907
260 _bPravda
_aBratislava
_c1982
020 _c15
044 _axo
_cSK
041 _aslo
999 _c15435
_d15435